Olympic Sports by Pictogram - Map Quiz - Statistics

General Stats
  • This quiz has been taken 164 times
  • The average score is 32 of 50
Answers on the Map
Answers color-coded by a green-red scale on the quiz's map according to % correct below.
 
Answer Stats
Sport/Event % Correct
Basketball
97%
Artistic Swimming
94%
Football
94%
Tennis
94%
Boxing
93%
Baseball
92%
Archery
91%
Golf
90%
Swimming
90%
Volleyball
89%
Badminton
88%
Fencing
86%
Hockey
86%
Skateboarding
86%
Shooting
85%
Artistic Gymnastics
84%
Sailing
84%
Table Tennis
84%
Wrestling
81%
Triathalon
79%
Athletics
78%
Rowing
78%
Weightlifting
78%
Judo
76%
Surfing
75%
Diving
74%
Rugby
74%
Sport Climbing
74%
Handball
71%
Taekwondo
70%
Water Polo
68%
Cycling Track
62%
Beach Volleyball
60%
Equestrian Jumping
56%
3x3 Basketball
52%
Modern Penthathlon
50%
Mountain Bike
49%
Marathon Swimming
35%
Cycling Road
34%
Rhythmic Gymnastics
34%
Softball
34%
Equestrian Dressage
33%
Canoe Sprint
31%
Canoe Slalom
26%
BMX Racing
25%
BMX Freestyle
23%
Trampoline Gymnastics
17%
Karate Kata
12%
Equestrian Eventing
11%
Karate Kumite
10%
No matching quizzes found
Score Distribution
Percent of People with Each Score
Percentile by Number Answered
Your Score History
You have not taken this quiz